| 000 -LEADER |
| fixed length control field |
01943cam a2200445 a 4500 |
| 001 - CONTROL NUMBER |
| control field |
16143379 |
| 003 - CONTROL NUMBER IDENTIFIER |
| control field |
OSt |
| 005 - DATE AND TIME OF LATEST TRANSACTION |
| control field |
20190815130557.0 |
| 008 - FIXED-LENGTH DATA ELEMENTS--GENERAL INFORMATION |
| fixed length control field |
100318s2011 nyu b 000 p eng |
| 010 ## - LIBRARY OF CONGRESS CONTROL NUMBER |
| LC control number |
2010011690 |
| 020 ## - INTERNATIONAL STANDARD BOOK NUMBER |
| International Standard Book Number |
9781250040107 |
| 035 ## - SYSTEM CONTROL NUMBER |
| System control number |
(OCoLC)ocn606403800 |
| 040 ## - CATALOGING SOURCE |
| Original cataloging agency |
DLC |
| Language of cataloging |
eng |
| Transcribing agency |
DLC |
| Modifying agency |
IG# |
| -- |
YDXCP |
| -- |
HSA |
| -- |
IK2 |
| -- |
W3M |
| -- |
OCLCQ |
| -- |
VP@ |
| -- |
DLC |
| 042 ## - AUTHENTICATION CODE |
| Authentication code |
lcac |
| -- |
pcc |
| 043 ## - GEOGRAPHIC AREA CODE |
| Geographic area code |
cc----- |
| 082 00 - DEWEY DECIMAL CLASSIFICATION NUMBER |
| Classification number |
811 ENG |
| Edition number |
22 |
| 100 1# - MAIN ENTRY--PERSONAL NAME |
| Personal name |
Engle, Margarita. |
| Relator term |
author |
| 245 10 - TITLE STATEMENT |
| Title |
Hurricane dancers : |
| Remainder of title |
the first Caribbean pirate shipwreck / |
| Statement of responsibility, etc. |
Margarita Engle. |
| 246 30 - VARYING FORM OF TITLE |
| Title proper/short title |
First Caribbean pirate shipwreck |
| 246 3# - VARYING FORM OF TITLE |
| Title proper/short title |
1st Caribbean pirate shipwreck |
| 250 ## - EDITION STATEMENT |
| Edition statement |
1st ed. |
| 260 ## - PUBLICATION, DISTRIBUTION, ETC. |
| Place of publication, distribution, etc. |
New York : |
| Name of publisher, distributor, etc. |
Henry Holt & Co., |
| Date of publication, distribution, etc. |
2011. |
| 300 ## - PHYSICAL DESCRIPTION |
| Extent |
ix, 145 p. ; |
| Dimensions |
22 cm. |
| 504 ## - BIBLIOGRAPHY, ETC. NOTE |
| Bibliography, etc. note |
Includes bibliographical references (p. 142-143). |
| 505 0# - FORMATTED CONTENTS NOTE |
| Formatted contents note |
pt. 1. Wild sea -- pt. 2. Brave earth -- pt. 3. Hidden -- pt. 4. The sphere court -- pt. 5. The sky horse -- pt. 6. Far light. |
| 520 ## - SUMMARY, ETC. |
| Summary, etc. |
Quebrado has been a slave on captain Bernadino de Talavera's pirate ship for years, but when a hurricane sinks the ship and kills most of the crew, Quebrado escapes to safety and finds acceptance and refuge in a nearby village. |
| 521 1# - TARGET AUDIENCE NOTE |
| Target audience note |
012-up. |
| 650 #0 - SUBJECT ADDED ENTRY--TOPICAL TERM |
| Topical term or geographic name entry element |
Shipwrecks |
| Geographic subdivision |
Caribbean Area |
| Form subdivision |
Juvenile poetry. |
| 650 #0 - SUBJECT ADDED ENTRY--TOPICAL TERM |
| Topical term or geographic name entry element |
Pirates |
| Geographic subdivision |
Caribbean Area |
| General subdivision |
History |
| Chronological subdivision |
16th century |
| Form subdivision |
Juvenile poetry. |
| 650 #0 - SUBJECT ADDED ENTRY--TOPICAL TERM |
| Topical term or geographic name entry element |
Indians of the West Indies |
| Form subdivision |
Juvenile poetry. |
| 650 #0 - SUBJECT ADDED ENTRY--TOPICAL TERM |
| Topical term or geographic name entry element |
Children's poetry, American. |
| 650 #1 - SUBJECT ADDED ENTRY--TOPICAL TERM |
| Topical term or geographic name entry element |
Shipwrecks |
| Form subdivision |
Poetry. |
| 650 #1 - SUBJECT ADDED ENTRY--TOPICAL TERM |
| Topical term or geographic name entry element |
Pirates |
| Form subdivision |
Poetry. |
| 650 #1 - SUBJECT ADDED ENTRY--TOPICAL TERM |
| Topical term or geographic name entry element |
Indians of the West Indies |
| Form subdivision |
Poetry. |
| 650 #1 - SUBJECT ADDED ENTRY--TOPICAL TERM |
| Topical term or geographic name entry element |
American poetry. |
| 651 #0 - SUBJECT ADDED ENTRY--GEOGRAPHIC NAME |
| Geographic name |
Caribbean Area |
| Form subdivision |
Juvenile poetry. |
| 906 ## - LOCAL DATA ELEMENT F, LDF (RLIN) |
| a |
7 |
| b |
cbc |
| c |
orignew |
| d |
1 |
| e |
ecip |
| f |
20 |
| g |
y-gencatlg |
| 942 ## - ADDED ENTRY ELEMENTS (KOHA) |
| Source of classification or shelving scheme |
|
| Koha item type |
Books - Non Ficton |